Rock Bands By Logo - Statistics

General Stats
  • This quiz has been taken 394 times
  • The average score is 12 of 16
Answer Stats
Picture Answer % Correct
ACDC
100%
Kiss
97%
Metallica
97%
Guns N Roses
96%
Led Zeppelin
86%
Black Sabbath
82%
Def Leppard
82%
Van Halen
81%
Aerosmith
80%
Judas Priest
72%
ZZ Top
67%
Lynyrd Skynyrd
60%
The Who
60%
Doors
54%
Ted Nugent
36%
Stevie Ray Vaughan
23%
No matching quizzes found
Score Distribution
Percent of People with Each Score
Percentile by Number Answered
Your Score History
You have not taken this quiz